000 01123nab a22002177a 4500
999 _c5856
_d5856
003 OSt
005 20260108222046.0
008 190514b xxu||||| |||| 00| 0 spa d
040 _cPJ
100 _94374
_aCataldi, Myriam M.
245 1 3 _aLa filiación, entre biología y derecho(s) :
_bbalance, consolidación y desafíos en la filiación biológica /
_cMyriam M. Cataldi, María Gabriela Vero.
300 _ap. 147-165
505 _aSumario: I. Introducción.— II. El derecho civil argentino y la regla del doble vínculo filial. Pasando revista.— III. El apego a lo genético como fuente constituidora de vínculos filiales “verdaderos” y la puesta en jaque al principio de doble vínculo filial.— IV. Palabras de cierre.
505 _tSi te interesa el texto, comunicate a koha@justierradelfuego.gov.ar
650 0 _91497
_aCODIGO CIVIL Y COMERCIAL
650 0 _9967
_aDERECHO DE FAMILIA
650 0 _91004
_aFILIACION
700 _96745
_aVero, María Gabriela
_ecoautor
773 0 _02844
_93222
_dBuenos Aires : AbeledoPerrot, 1989-
_tDerecho de familia. N° 120 - Julio 2025
_z18511201
942 _2udc
_cANA